000 01029nam a22002651 4500
001 8973
003 BD-RjUL
005 20211208234706.0
008 140120t1959 e a b 001 0 eng
035 _a(BD-RjUL)9018
040 _aDLC/ICU
_cICU
_dDLC
_dBD-RJUL
_beng
041 _aeng
082 0 0 _a530.72
_216
_bBRL 1959
100 1 _aBrown, Thomas Benjamin,
_d1892-
_927854
245 0 4 _aThe Lloyd William Taylor manual of advanced undergraduate experiments in physics /
_c[by] Thomas Benjamin Brown, editor-in-chief [and others].
260 _aReading, Mass. :
_bAddison-Wesley Pub. Co.,
_cc1959
300 _a550 p. :
_billus. ;
_c24 cm.
500 _aSponsored by the American Association of Physics Teachers as a memorial to the late Lloyd William Taylor.
504 _aIncludes bibliographical reference and index.
600 1 0 _aTaylor, Lloyd William,
_d1893-1948.
_9156696
650 0 _aPhysics
_xExperiments.
_927856
710 2 _aAmerican Association of Physics Teachers.
_927857
942 _2ddc
_cBK
999 _c8973
_d8973